| 000 | 00475nam a2200169 i 4500 | ||
|---|---|---|---|
| 001 | 73557 | ||
| 003 | ES-MaACL | ||
| 005 | 20230906171842.0 | ||
| 007 | t| | ||
| 008 | 040908q1949 sp |||| | spa d | ||
| 100 | 1 |
_aGómez Latorre, Adelino. _958008 |
|
| 245 | 1 | 0 |
_aSolera de Aragón / _cAdelino Gómez Latorre. |
| 260 |
_aValencia : _b[s.n., _c1949?] ( _fImp. Cosmos) |
||
| 300 |
_a93 p. ; _c22 cm. |
||
| 650 | 4 |
_aFolklore- _zAragón. _9161420 |
|
| 852 |
_aES-MaACL _j1898-F-14 |
||
| 999 |
_c73557 _d73557 |
||